[Event "POL-ch sf blind"]
[Site "Zawoja Osrodek"]
[Date "2011.??.??"]
[Round "5"]
[White "Hagner, Pawel"]
[Black "Barnowski, Sylwester"]
[Result "1/2-1/2"]
[WhiteElo "1768"]
[BlackElo "1843"]
[PlyCount "92"]
[EventDate "2011.??.??"]
[EventType "swiss"]
[EventRounds "9"]
[EventCountry "POL"]
[SourceTitle "EXT 2013"]
[Source "ChessBase"]
[SourceDate "2012.11.22"]
[SourceVersion "1"]
[SourceVersionDate "2012.11.22"]
[SourceQuality "1"]

1. d4 c6 2. c3 g6 3. Nf3 Bg7 4. Bf4 Nf6 5. e3 d6 6. Nbd2 Qc7 7. Bc4 b5 8. Be2 Nbd7 9. h3 Nd5 10. Bh2 N5b6 11. 0-0 0-0 12. e4 e5 13. dxe5 dxe5 14. Qc2 Bb7 15. c4 bxc4 16. Nxc4 Nxc4 17. Bxc4 Nb6 18. Bb3 Rac8 19. Qc5 Rfe8 20. Rad1 Qe7 21. Qa5 Ra8 22. Rc1 Kh8 23. Rfd1 f6 24. Rd3 Bf8 25. Rcd1 Qb4 26. Qxb4 Bxb4 27. a3 Bf8 28. Nd2 Rac8 29. Nc4 Nxc4 30. Bxc4 Bc5 31. Rd7 Rb8 32. Rf7 Bd4 33. Rxd4 exd4 34. Bxb8 Rxb8 35. Rxf6 c5 36. f3 a5 37. Rb6 a4 38. Bb5 Kg8 39. Bxa4 Kf8 40. Bc6 d3 41. Kf2 d2 42. Ke2 d1Q+ 43. Kxd1 Rd8+ 44. Kc2 Rd6 45. Rxb7 Rxc6 46. Rxh7 Kg8 1/2-1/2

[Event "POL-ch sf blind"]
[Site "Zawoja Osrodek"]
[Date "2011.??.??"]
[Round "7"]
[White "Przewoznik, Emil"]
[Black "Barnowski, Sylwester"]
[Result "1/2-1/2"]
[WhiteElo "2060"]
[BlackElo "1843"]
[PlyCount "50"]
[EventDate "2011.??.??"]
[EventType "swiss"]
[EventRounds "9"]
[EventCountry "POL"]
[SourceTitle "EXT 2013"]
[Source "ChessBase"]
[SourceDate "2012.11.22"]
[SourceVersion "1"]
[SourceVersionDate "2012.11.22"]
[SourceQuality "1"]

1. d4 f5 2. Bg5 Nf6 3. c4 e6 4. Nc3 c6 5. e4 fxe4 6. Bxf6 Qxf6 7. c5 d5 8. cxd6 Bxd6 9. Nxe4 Bb4+ 10. Nc3 0-0 11. Nf3 Qg6 12. Qd3 Qxd3 13. Bxd3 Nd7 14. 0-0 Nf6 15. Rfe1 Nd5 16. Rac1 Nxc3 17. bxc3 Ba3 18. Rc2 h6 19. Bc4 Rf6 20. Rce2 Kf7 21. Ne5+ Ke7 22. Ng4 Rg6 23. Ne5 Rf6 24. Ng4 Rg6 25. h3 Bd6 1/2-1/2

[Event "Ramsowo Grunwald Cup 25th"]
[Site "Ramsowo"]
[Date "2010.09.29"]
[Round "9"]
[White "Renkowski, Piotr"]
[Black "Barnowski, Sylwester"]
[Result "1-0"]
[WhiteElo "1957"]
[BlackElo "1842"]
[PlyCount "97"]
[EventDate "2010.09.24"]
[EventType "swiss"]
[EventRounds "9"]
[EventCountry "POL"]
[SourceTitle "EXT 2011"]
[Source "ChessBase"]
[SourceDate "2010.11.26"]
[SourceVersion "1"]
[SourceVersionDate "2010.11.26"]
[SourceQuality "1"]

1. e4 e6 2. d4 d5 3. e5 c5 4. dxc5 Bxc5 5. Bd3 Nc6 6. Nf3 Nge7 7. c3 Qc7 8. b4 Bb6 9. Qe2 Ng6 10. Bxg6 fxg6 11. a4 Qf7 12. Na3 0-0 13. Nb5 Bc7 14. 0-0 a6 15. Nxc7 Qxc7 16. Ba3 Rf5 17. Rfe1 h6 18. b5 Na5 19. Bd6 Qd7 20. Nh4 Rf7 21. Nxg6 Nc4 22. Bb4 Qc7 23. Qh5 a5 24. Ba3 Nxa3 25. Rxa3 Qc5 26. Ra2 Qxc3 27. Rf1 Qb3 28. Raa1 Bd7 29. Qg4 Qc4 30. Qxc4 dxc4 31. Rac1 Kh7 32. Nh4 Rf4 33. g3 Re4 34. f3 Rxe5 35. Rxc4 g5 36. Rc7 Rd5 37. Ng2 Rb8 38. Ne3 Rd4 39. Ng4 Kg7 40. Ne5 Rd8 41. Rxb7 Kf8 42. Rxd7 R8xd7 43. Nxd7+ Rxd7 44. Rc1 Ke7 45. Rc4 Rd2 46. Rc7+ Kd6 47. Ra7 Kc5 48. Rxa5 Kd4 49. Ra6 1-0

[Event "Ramsowo Grunwald Cup 25th"]
[Site "Ramsowo"]
[Date "2010.09.26"]
[Round "5"]
[White "Staruch, Roman"]
[Black "Barnowski, Sylwester"]
[Result "1-0"]
[WhiteElo "1978"]
[BlackElo "1842"]
[PlyCount "91"]
[EventDate "2010.09.24"]
[EventType "swiss"]
[EventRounds "9"]
[EventCountry "POL"]
[SourceTitle "EXT 2011"]
[Source "ChessBase"]
[SourceDate "2010.11.26"]
[SourceVersion "1"]
[SourceVersionDate "2010.11.26"]
[SourceQuality "1"]

1. e4 e6 2. d4 c5 3. c3 Be7 4. Nf3 b6 5. Bd3 Ba6 6. 0-0 Bxd3 7. Qxd3 Nf6 8. d5 exd5 9. e5 Ng4 10. Qxd5 Nc6 11. h3 Nh6 12. Bxh6 gxh6 13. e6 Qc7 14. exf7+ Kf8 15. Rd1 Rd8 16. Qf5 d6 17. Na3 Qd7 18. Qd5 Kg7 19. Nc4 Rhf8 20. Rd3 b5 21. Nce5 Nxe5 22. Nxe5 Qf5 23. Nc6 Qxd5 24. Rxd5 Rd7 25. Nxe7 Rxe7 26. Rxd6 Rfxf7 27. Kf1 Re4 28. Re1 Ra4 29. a3 Raf4 30. f3 b4 31. cxb4 cxb4 32. a4 b3 33. a5 Ra4 34. Rd3 Rb7 35. Ree3 Rxa5 36. Rxb3 Rc7 37. Rec3 Re7 38. Kf2 h5 39. Rc4 Kg6 40. h4 Re6 41. Rcb4 h6 42. Rb5 Ra2 43. Ra3 Rxa3 44. bxa3 Ra6 45. Rb3 Ra4 46. Ke3 1-0

[Event "POL-ch sf blind"]
[Site "Zawoja Osrodek"]
[Date "2010.04.15"]
[Round "8.13"]
[White "Perszewska, Krystyna"]
[Black "Barnowski, Sylwester"]
[Result "0-1"]
[WhiteElo "1548"]
[BlackElo "1875"]
[PlyCount "106"]
[EventDate "2010.04.08"]
[EventType "swiss"]
[EventRounds "9"]
[EventCountry "POL"]
[SourceTitle "EXT 2023"]
[Source "ChessBase"]
[SourceDate "2022.10.05"]
[SourceVersion "1"]
[SourceVersionDate "2022.10.05"]
[SourceQuality "1"]

1. d4 c6 2. c4 d5 3. cxd5 cxd5 4. Nc3 Nc6 5. e3 Nf6 6. Nf3 Bf5 7. Bd3 Bxd3 8. Qxd3 e6 9. a3 a6 10. 0-0 Bd6 11. h3 0-0 12. Bd2 Na5 13. e4 dxe4 14. Nxe4 Nc6 15. Nxd6 Qxd6 16. Be3 Rfd8 17. Qe2 Qe7 18. Rac1 Nd5 19. Rfd1 Rd7 20. Ne5 Nxe5 21. dxe5 h6 22. Bd2 Rc7 23. Qg4 Kh8 24. Qh5 Rxc1 25. Rxc1 Qf8 26. Qh4 Rc8 27. Rc4 Rxc4 28. Qxc4 Qe7 29. Qc8+ Kh7 30. Qc2+ g6 31. Qc1 Qh4 32. Qf1 Qd4 33. Qd1 Qxe5 34. Qc1 g5 35. Qc2+ Kg7 36. Bc3 Nxc3 37. Qxc3 Qxc3 38. bxc3 Kg6 39. g4 f5 40. f3 Kf7 41. Kf2 f4 42. Ke2 Ke7 43. Kd3 Kd7 44. Kd4 Kc6 45. a4 b6 46. c4 b5 47. cxb5+ axb5 48. a5 b4 49. Kc4 b3 50. Kxb3 Kb5 51. Kc3 Kxa5 52. Kc4 Kb6 53. Kd4 Kb5 0-1